书目信息 |
| 题名: |
工业企业财务管理
|
|
| 作者: | ;工业企业财务管理编写组 编著 | |
| 分册: | ||
| 出版信息: | 北京 中国财政经济出版社 1981 |
|
| 页数: | 286页 | |
| 开本: | 20cm | |
| 丛书名: | ||
| 单 册: | ||
| 中图分类: | F406.92 | |
| 科图分类: | ||
| 主题词: | 工业经济--经济理论 , 工业企业管理:财务管理 | |
| 电子资源: | ||
| ISBN: | ||
| 000 | 00761nam0 2200241 45 | |
| 001 | 0181010233 | |
| 005 | 20060524094257.17 | |
| 010 | @dCNY0.85 | |
| 091 | @a4166.256 | |
| 100 | @a19960215d1981 em y0chiy0121 ea | |
| 101 | 0 | @achi |
| 102 | @aCN@b110000 | |
| 105 | @ay z 000yy | |
| 200 | 10 | @a工业企业财务管理@Agong ye qi ye cai wu guan li@f工业企业财务管理编写组编著@Fgong ye qi ye cai wu guan li bian xie zu bian zhu |
| 210 | @a北京@c中国财政经济出版社@d1981 | |
| 215 | @a286页@d20cm | |
| 300 | @a高等财经院校试用教材 | |
| 606 | 0 | @a工业经济@x经济理论 |
| 606 | @a工业企业管理:财务管理 | |
| 690 | @aF406.92@v3 | |
| 711 | 0 | @a工业企业财务管理编写组@Agong ye qi ye cai wu guan li bian xie zu@4编著 |
| 801 | 0 | @aCN@bNLC@c20060524 |
| 905 | @dF406.92@e11 | |
| 工业企业财务管理/工业企业财务管理编写组编著.-北京:中国财政经济出版社,1981 |
| 286页;20cm |
| 高等财经院校试用教材 |
| ISBN :CNY0.85 |
| ● |
| 相关链接 |
|
|
|
|
正题名:工业企业财务管理
索取号:F406.92/11
 
预约/预借
| 序号 | 登录号 | 条形码 | 馆藏地/架位号 | 状态 | 备注 |
| 1 | 0057686 | 202390206 | 密集书库/ [索取号:F406.92/11] | 在馆 | |
| 2 | 0057687 | 000212353 | 第一样本阅览室/ [索取号:F406.92/11] | 在馆 |